000
00314nam a2200133Ia 4500
008
220216s9999 xx 000 0 und d
100
_a
Jacob Jom
245
0
_a
Changes in Asian NR sector
260
_b
Polymers & Tyre Asia
_c
2015
300
_a
52-53
650
_a
NR sector
650
_a
NR trading
942
_c
BS
999
_c
49766
_d
49766